Normal view MARC view

Entry Nome pessoal

Number of records used in: 1

001 - NÚMERO DE CONTROLE

  • campo de controle: 616

003 - IDENTIFICADOR DO NÚMERO DE CONTROLE

  • campo de controle: Br

005 - DATA E HORÁRIO DA ÚLTIMA TRANSAÇÃO

  • campo de controle: 20250325101842.0

008 - CAMPO DE DADOS FIXOS

  • campo de controle de tamanho fixo: 980331 acnacab n a aaa

024 7# - OUTRO IDENTIFICADOR PADRÃO

  • Número padrão ou código: http://viaf.org/viaf/66462036
  • Fonte: VIAF

024 7# - OUTRO IDENTIFICADOR PADRÃO

  • Número padrão ou código: http://id.loc.gov/authorities/names/n79056546
  • Fonte: LCCN

035 ## - NÚMERO DE CONTROLE DO SISTEMA

  • Número de Controle do Sistema: 98033110521100E19

040 ## - FONTE DA CATALOGAÇÃO

  • Instituição da catalogação original: Br
  • Instituição que transcreveu o registro: Br
  • Convenções de cabeçalho de assunto/tesauros: Br
  • Idioma da catalogação: por

100 1# - CABEÇALHO--NOME PESSOAL

  • Nome pessoal: Carroll, Lewis,
  • Datas associadas ao nome: 1832-1898

400 1# - REMISSIVA VER--NOME PESSOAL

  • Nome pessoal: Dodgson, Charles Lutwidge
  • Datas associadas ao nome: 1832-1898

400 1# - REMISSIVA VER--NOME PESSOAL

  • Nome pessoal: Karol, Luis
  • Datas associadas ao nome: 1832-1898

400 1# - REMISSIVA VER--NOME PESSOAL

  • Nome pessoal: Kerol, Luis
  • Datas associadas ao nome: 1832-1898

670 ## - FONTE POSITIVA DOS DADOS

  • Citação da fonte positiva dos dados: Autor de: Alice na casa dos espelhos... [1947]

670 ## - FONTE POSITIVA DOS DADOS

  • Citação da fonte positiva dos dados: Bristol, Brian. Por que amamos ler?... 2008
  • Dados encontrados na fonte localizada no subcampo: (p. 97: D.; matemático e romancista inglês)

670 ## - FONTE POSITIVA DOS DADOS

  • Citação da fonte positiva dos dados: http://authorities.loc.gov 24/3/10
  • Dados encontrados na fonte localizada no subcampo: (D.)

670 ## - FONTE POSITIVA DOS DADOS

  • Citação da fonte positiva dos dados: http://en.wikipedia.org/wiki/Lewis_Carroll
  • Dados encontrados na fonte localizada no subcampo: (Charles Lutwidge Dodgson, mais conhecido pelo seu pseudônimo Lewis Carroll nasceu em Cheshire, em 27 de janeiro de 1832 e faleceu em Guildford, em 14 de janeiro de 1898, foi um escritor e um matemático britânico)

670 ## - FONTE POSITIVA DOS DADOS

  • Citação da fonte positiva dos dados: Seu: Alice no país do espelho. 2009
  • Dados encontrados na fonte localizada no subcampo: (p.48: graduado na Universidade de Oxford)

670 ## - FONTE POSITIVA DOS DADOS

  • Citação da fonte positiva dos dados: LC Authorities 18/05/2020
  • Dados encontrados na fonte localizada no subcampo: (rems.)

670 ## - FONTE POSITIVA DOS DADOS

  • Citação da fonte positiva dos dados: https://catalogue.bnf.fr/ark:/12148/cb118859183 18/05/2020
  • Dados encontrados na fonte localizada no subcampo: (D. ; escritor, fotógrafo e professor de matemática)

Powered by Koha